000 00597nam a22001577a 4500
008 170427b xxu||||| |||| 00| 0 eng d
082 _22016
_aUT 0796
_bR11
100 _920500
_aRabor, April Jean C.
245 _aThe Level of Stress Management Skills of Police Officers in Digos City Police Station.
_cApril Jean C. Rabor, Orville C. Sullaga and Winston S. Denuna.
300 _a41 pages;
_b29 cm.
650 0 _920501
_aCriminology
_xUndergraduate Thesis.
700 _920502
_aRabor, April Jean C.
700 _920503
_aSullaga, Orville C.
700 _920504
_aDenuna, Winston S.
942 _2ddc
_cUT
999 _c6766
_d6766